000 00655nam a2200217Ia 4500
003 GCL
008 140319s9999 xx 000 0 ara d
040 _aGCL /
_cGCL
082 0 4 _a150.1
_bع ب
100 1 _aعزت عبدالعظيم الطويل
245 1 0 _aبحوث ودراسات فى علم النفس /
_cعزت عبدالعظيم الطويل
260 _a[S.N] :
_bدار المطبوعات الجديدة ،
_c1981
300 _a108 ص
490 _a
650 0 4 _aعلم النفس
650 0 4 _aعلم النفس التربوى
650 0 4 _aالذكاء
650 0 4 _aالادراك
650 0 4 _aالتذكر
942 _2ddc
_cBK
999 _c54751
_d54751